000 00324nam a2200133Ia 4500
005 20260326235454.0
008 260326s9999||||xx |||||||||||||| ||und||
100 _aRogotti, Giorgio
245 0 _aUrbanismo :
_b La técnica /
_cGiorgio Rogotti
260 _bLabor
300 _a796 p.
650 _aDISEÑO URBANO
942 _cBK
999 _c7887
_d7887